| 000 | 00492nam a2200157Ia 4500 | ||
|---|---|---|---|
| 003 | SGT | ||
| 020 | _a9788177583809 | ||
| 082 |
_a621.3822 _bGHO |
||
| 100 | _aGhosh,Smarajit | ||
| 245 | _aSignals and systems | ||
| 260 |
_bPearson _aN.Delhi _c2006 |
||
| 300 | _a474p. | ||
| 650 | _aELECTRICAL ENGINEERING | ||
| 653 | _aMATHEMATICAL PRELIMINARIES,FUNDAMENTALS OF SIGNALS AND SYSTEMS,FOURIER SERIES,FOURIER TRANSFORM,LAPLACE TRANSFORM,SYSTEM MODELLING,CONVOLUTION,STABILITY | ||
| 942 |
_2ddc _cBK _04 |
||
| 999 |
_c5569 _d5569 |
||